000 01103nam a22002657a 4500
999 _c64713
_d64713
005 20240530110746.0
008 181204s2018 ua f b 000 0 ara d
017 _a2017/17500
_bمصر. دار الكتب
020 _a9789778121940
040 _aEG-CaGPL
_cEG-CaGPL
082 0 4 _221
_a962.16 /
_bق/أ ق
100 0 _aاشرف صالح محمد
245 1 2 _aالقاهرة بين التاريخ والاساطير :
_bمشاهد من حياة المدينة فى العصور الوسطى /
_cاشرف صالح محمد، عمرو عبدالعزيز منير
250 _aط.1
260 _aالقاهرة :
_bالمكتب العربى للمعارف،
_c2018.
300 _a242 ص. ؛
_c24 سم.
504 _aيشتمل على ارجاعات ببليوجرافية
650 _2qrmak
651 0 7 _2qrmak
_aالقاهرة
_xتاريخ
651 0 7 _2qrmak
_aالقاهرة
_xوصف ورحلات
651 0 7 _2qrmak
_aالقاهرة
_xاساطير
700 0 _aعمرو عبدالعزيز منير
_eمؤلف مشارك
942 _2ddc
_cBK